|
|
|
|
| LEADER |
01690nam a2200385 a 4500 |
| 001 |
000842406 |
| 003 |
CZ BrMZK |
| 005 |
20070412062340.0 |
| 007 |
ta |
| 008 |
070221s2007 sz fr 000 0 eng |
| 020 |
|
|
|a 978-3-7255-5353-2
|q (brož.)
|
| 040 |
|
|
|a BOA001
|b cze
|
| 043 |
|
|
|a e------
|
| 072 |
|
7 |
|a 346
|x Hospodářské právo
|2 Konspekt
|9 16
|
| 080 |
|
|
|a 654
|2 MRF
|
| 080 |
|
|
|a 339.137
|2 MRF
|
| 080 |
|
|
|a 346.546
|2 MRF
|
| 080 |
|
|
|a (4)
|2 MRF
|
| 080 |
|
|
|a (048.8)
|2 MRF
|
| 100 |
1 |
|
|a Štědroň, Bohumír,
|d 1979-2014
|7 mzk2006324281
|4 aut
|
| 245 |
1 |
0 |
|a Notion and obligations of the undertakings with significant market power in the law of electronic communications /
|c Bohumir Stedron
|
| 260 |
|
|
|a Zürich :
|b Schulthess,
|c 2007
|
| 300 |
|
|
|a 64 s. ;
|c 23 cm
|
| 490 |
1 |
|
|a Veröffentlichungen aus dem Nachdiplomstudium Internationales Wirtschaftsrecht der Universität Zürich und dem Europa Institut Zürich ;
|v Bd. 54
|
| 500 |
|
|
|a Původně předloženo jako autorova disertace (doktorská)--Universität Zürich, 2006
|
| 504 |
|
|
|a Obsahuje bibliografické odkazy
|
| 650 |
0 |
7 |
|a telekomunikace
|7 ph116420
|z země Evropské unie
|2 czenas
|
| 650 |
0 |
7 |
|a hospodářská soutěž
|7 ph120822
|z země Evropské unie
|2 czenas
|
| 650 |
0 |
7 |
|a právo hospodářské soutěže
|7 ph115916
|z země Evropské unie
|2 czenas
|
| 655 |
|
7 |
|a studie
|7 fd133597
|2 czenas
|
| 830 |
|
0 |
|a Veröffentlichungen aus dem Nachdiplomstudium Internationales Wirtschaftsrecht der Universität Zürich und dem Europa Institut Zürich
|
| 910 |
2 |
|
|a BOA001
|b 2-1182.280
|
| 990 |
|
|
|a BK
|
| 991 |
|
|
|b 200704
|c NOV
|
| 996 |
6 |
|
|b 2610307074
|c 2-1182.280
|l MZK
|r Sklad / do 1 hodiny
|n 0
|p dar
|w 000842406
|u 000010
|a 1
|e BOA001
|j MZK50
|s P
|